Statistics for Top 20 Quarterbacks Going into the 2020 NFL Season

Click here to take the quiz!

General Stats

  • This quiz has been taken 254 times
  • The average score is 19 of 20

Answer Stats

TeamPlayer% Correct
KCPatrick Mahomes
100%
GBAaron Rodgers
99%
BALLamar Jackson
99%
SEARussell Wilson
99%
TBTom Brady
99%
DALDak Prescott
98%
HOUDeshaun Watson
98%
NODrew Brees
98%
ATLMatt Ryan
98%
LARJared Goff
97%
DETMatthew Stafford
97%
TENRyan Tannehill
97%
NECam Newton
96%
ARIKyler Murray
96%
PITBen Roethlisberger
95%
PHICarson Wentz
95%
MINKirk Cousins
95%
SFJimmy Garoppolo
93%
INDPhillip Rivers
82%
CARTeddy Bridgewater
70%

Score Distribution

Percentile by Number Answered

Percent of People with Each Score

Your Score History

You have not taken this quiz